| 000 | 00776nam a2200253 a 4500 | ||
|---|---|---|---|
| 001 | 57630 | ||
| 003 | BD-RjUL | ||
| 005 | 20211209080533.0 | ||
| 008 | 161211s2002 ii ab b 000 0 eng | ||
| 020 | _a8186771026 | ||
| 035 | _aBD-RjUL57754 | ||
| 040 |
_aDLC _cDLC _dDLC _beng |
||
| 041 | _aeng | ||
| 082 |
_223 _a304.632 _bPAF 2002 |
||
| 100 | 1 |
_aPandey, G. D. _9171122 |
|
| 245 | 1 | 0 |
_aFertility and family planning in primitive tribes / _cG.D. Pandey. |
| 260 |
_aNew Delhi : _bSerials Publications, _c2002. |
||
| 300 |
_a335 p. : _bill. ; _c22 cm. |
||
| 504 | _aIncludes bibliographical references (p. [317]-330). | ||
| 520 | _aWith reference to tribes of Madhya Pradesh, India. | ||
| 650 | 0 |
_aFertility _9171123 |
|
| 942 |
_2ddc _cBK |
||
| 999 |
_c57630 _d57630 |
||